000 00541nam a2200169Ia 4500
001 65919
008 230328n ii |||gr||||Z||||||465
020 _a978-81-933496-0-1
082 _a954.040924
100 _aMeshram, Puranchandra.
245 0 _aDr. Babasaheb ambedkar : The Architect of Modern India
_cBy Puranchandra Meshram
_hTextual Documents
260 _aNagpur:
_bRegistrar.
300 _a672pg:
_c30cm.
653 _aDr. Babasaheb ambedkar : The Architect of Modern India
653 _aG-Modern India Architect
942 _2ddc
_cBK
999 _c67012
_d67012